Greek City States challenge - Statistics

General Stats
  • This quiz has been taken 307 times
  • The average score is 4 of 6
Answer Stats
Hint Answer % Correct
Athens
99%
Sparta
91%
Corinth
65%
Thebes
59%
Argos
35%
Megara
19%
No matching quizzes found
Score Distribution
Percent of People with Each Score
Percentile by Number Answered
Your Score History
You have not taken this quiz